| Поле | Инд. | ПП | Название | Значение |
|---|---|---|---|---|
| Тип записи | a | |||
| Библиографический уровень | m | |||
| 001 | Контрольный номер | RU/IS/BASE/264541339 | ||
| 005 | Дата корректировки | 20250418112611.3 | ||
| 008 | Кодируемые данные | 19970529 | ||
| 040 | 00 | e | Правила каталог. | Л 970529 |
| 084 | a | Индекс другой классификации/Индекс ББК | 28.691.89 | |
| 090 | 00 | a | Полочн. индекс | 28.691.89 |
| x | Авторский знак | П 167 | ||
| 097 | 00 | a | 230 | |
| 100 | 10 | a | Автор | Панфилов Д. В. |
| q | Полное имя | Панфилов Дмитрий Викторович | ||
| 245 | 00 | a | Заглавие | В мире насекомых |
| 250 | 00 | a | Основные сведения об издании | 2-е изд. |
| 260 | 00 | a | Место издания | Москва |
| b | Издательство | Лесная промышленность | ||
| c | Дата издания | 1977 | ||
| 300 | 00 | a | Объем | 128 с. |
| b | Иллюстрации/ тип воспроизводства | ил. | ||
| 336 | a | Термин вида содержания | Текст | |
| 337 | a | Термин типа средства | непосредственный | |
| 650 | a | Основная рубрика | биология; зоология | |
| 653 | 00 | a | Ключевые слова | биологические виды |
| a | Ключевые слова | насекомые | ||
| a | Ключевые слова | развитие | ||
| a | Ключевые слова | распространение | ||
| a | Ключевые слова | симбиоз | ||
| a | Ключевые слова | энтомология | ||
| 720 | a | Наименование подборки | Животные (насекомые) | |
| 901 | t | Тип документа | m | |
| 952 | a | Тип литературы для КСУ ВШ | НАУ |